Food by Ingredients - Statistics

General Stats
  • This quiz has been taken 119 times
  • The average score is 6 of 9
Answer Stats
Hint Answer % Correct
flour, water, salt, yeast bread
98%
rice, vinegar, nori, salmon sushi
90%
flour, water, salt, yeast, tomato sauce, mozzarella cheese margherita pizza
80%
mascarpone, coffee, ladyfinger, cacoa tiramisu
74%
chickpeas, tahini, lemon, garlic, olive oil hummus
73%
potatoes, milk, butter, nutmeg mashed potatoes
49%
eggs, bacon, Parmesan cheese, spaghetti spaghetti carbonara
34%
minced meat, onions, tomato, beans, chili chili con carne
33%
flour, eggs, butter, breadcrumbs, veal Wiener Schnitzel
33%
No matching quizzes found
Score Distribution
Percent of People with Each Score
Percentile by Number Answered
Your Score History
You have not taken this quiz